000 00577nam a2200217Ia 4500
003 GCL
008 140319s9999 xx 000 0 ara d
040 _aGCL /
_cGCL
082 0 4 _a191
_bف ت
100 1 _aفؤاد زكريا
245 1 0 _aالتفكير العلمى (عالم المعرفة3) /
_cفؤاد زكريا
260 _a[S.N] :
_bمكتبة مصر ،
_c1992
300 _a320 ص
490 _a
650 0 4 _aالفلسفة
650 0 4 _aالثقافة
650 0 4 _aالتفكير
650 0 4 _aالمنطق
650 0 4 _aالعقل
942 _2ddc
_cBK
999 _c34707
_d34707